<?xml version="1.0" encoding="UTF-8"?>
<record
    xmlns:xsi="http://www.w3.org/2001/XMLSchema-instance"
    xsi:schemaLocation="http://www.loc.gov/MARC21/slim http://www.loc.gov/standards/marcxml/schema/MARC21slim.xsd"
    xmlns="http://www.loc.gov/MARC21/slim">

  <leader>01034nam a2200217 a 4500</leader>
  <controlfield tag="008">170511e2016    gw ||||| |||| 00| 0 spa d</controlfield>
  <datafield tag="020" ind1=" " ind2=" ">
    <subfield code="a">9783639603668</subfield>
  </datafield>
  <datafield tag="041" ind1=" " ind2=" ">
    <subfield code="a">spa</subfield>
  </datafield>
  <datafield tag="092" ind1=" " ind2=" ">
    <subfield code="c">610.7</subfield>
    <subfield code="l">62</subfield>
    <subfield code="s">OLA</subfield>
  </datafield>
  <datafield tag="100" ind1="1" ind2=" ">
    <subfield code="a">Olavegogeascoechea, Pablo</subfield>
    <subfield code="9">2925</subfield>
  </datafield>
  <datafield tag="245" ind1=" " ind2=" ">
    <subfield code="a">Ense&#xF1;anza en medicina de la metodolog&#xED;a del diagn&#xF3;stico cl&#xED;nico.</subfield>
    <subfield code="b">Ense&#xF1;anza en medicina de una metodolog&#xED;a en peque&#xF1;os grupos /</subfield>
    <subfield code="c">Pablo Olavegogeascoechea</subfield>
  </datafield>
  <datafield tag="250" ind1=" " ind2=" ">
    <subfield code="a">1a ed.</subfield>
  </datafield>
  <datafield tag="260" ind1=" " ind2=" ">
    <subfield code="a">Berlin:</subfield>
    <subfield code="b">Editorial Acad&#xE9;mica Espa&#xF1;ola;</subfield>
    <subfield code="c">2016.</subfield>
  </datafield>
  <datafield tag="300" ind1=" " ind2=" ">
    <subfield code="a">120 p.</subfield>
  </datafield>
  <datafield tag="500" ind1=" " ind2=" ">
    <subfield code="a">Olavegogeascoechea, P., Calvet, M. y Federico, A. (2016). Ense&#xF1;anza en medicina de la metodolog&#xED;a del diagn&#xF3;stico cl&#xED;nico. Ense&#xF1;anza de la medicina de una metodolog&#xED;a en peque&#xF1;os grupos. (1a ed.). Berlin : Editorial Acad&#xE9;mica Espa&#xF1;ola.</subfield>
  </datafield>
  <datafield tag="502" ind1=" " ind2=" ">
    <subfield code="a">Tesis de maestria presentada por el medico Pablo Olavegogeascoechea. A&#xF1;o 2016</subfield>
  </datafield>
  <datafield tag="653" ind1=" " ind2=" ">
    <subfield code="a">Metodolog&#xED;a de ense&#xF1;anza en medicina</subfield>
  </datafield>
  <datafield tag="700" ind1="1" ind2=" ">
    <subfield code="a">Calvet, M&#xF3;nica</subfield>
    <subfield code="9">2926</subfield>
  </datafield>
  <datafield tag="700" ind1="1" ind2=" ">
    <subfield code="a">Federico, Andrea</subfield>
    <subfield code="9">2927</subfield>
  </datafield>
  <datafield tag="942" ind1=" " ind2=" ">
    <subfield code="2">ddc</subfield>
    <subfield code="c">BK</subfield>
  </datafield>
  <datafield tag="999" ind1=" " ind2=" ">
    <subfield code="c">2409</subfield>
    <subfield code="d">2409</subfield>
  </datafield>
  <datafield tag="952" ind1=" " ind2=" ">
    <subfield code="0">0</subfield>
    <subfield code="1">0</subfield>
    <subfield code="2">ddc</subfield>
    <subfield code="4">0</subfield>
    <subfield code="7">0</subfield>
    <subfield code="8">NFIC</subfield>
    <subfield code="a">BFM</subfield>
    <subfield code="b">BFM</subfield>
    <subfield code="c">CR</subfield>
    <subfield code="d">2017-05-11</subfield>
    <subfield code="e">Donacion Olavegogeascoechea, Pablo. Mayo 2017</subfield>
    <subfield code="l">0</subfield>
    <subfield code="o">610.7; 62; OLA</subfield>
    <subfield code="p">3862</subfield>
    <subfield code="r">2017-05-11</subfield>
    <subfield code="t">Ej. 1</subfield>
    <subfield code="w">2017-05-11</subfield>
    <subfield code="y">BK</subfield>
    <subfield code="z">Donacion Dr. Prof. Olavegogeascoechea, Pablo. Tesis de Maestria. Mayo 2017</subfield>
  </datafield>
</record>
